00967cam a22002297a 4500008004100000020001800041040002800059050002400087245006400111246007900175260009500254300002900349490008300378500006900461504004100530546010400571902000600675905001600681905000900697942001200706999001900718140924s2004 tu a b 100 0 tur  a9789756561560 aEG-GiCUCbturcEG-GiCUC00aNA370.P763bD4 200100aDe ædificiis :ble texte de Procope et les râealitâes.14a"De ædificiis" de Procope :ble texte et les râealitâes documentaires aParis :bAssociation pour l'antiquitâe tardive ;aTurnhout, Belgique :bBrepols,cc2001. a415 p. :bill. ;c28 cm.0 aAntiquitâe tardive =aAntigèuedad tardâia =aLate antiquity ;vt. 8-2000 aIncludes the proceedings of a roundtable held in London in 1998. aIncludes bibliographical references. aContributions in English, French, German, Italian, or Spanish, with summaries in English or French. a1 aJamaleCat. eRev. 2ddccBK c134986d134986